[Event "IECC Swiss-540"]
[Site "IECC email"]
[Date "2010.03.12"]
[Round "?"]
[White "Coleman, Michael"]
[Black "Bascetta, Biagio J"]
[Result "1-0"]
[WhiteElo "1871"]
[BlackElo "1956"]
[PlyCount "49"]
[EventDate "2010.??.??"]
[EventType "match (corr)"]
[SourceTitle "Corr 2013"]
[Source "ChessBase"]
[SourceDate "2012.11.12"]
[SourceVersion "1"]
[SourceVersionDate "2012.11.12"]
[SourceQuality "1"]
[WhiteTeam "US of America"]
[BlackTeam "Italy"]
[WhiteTeamCountry "USA"]
[BlackTeamCountry "ITA"]

1. Nf3 Nf6 2. c4 e6 3. d4 c5 4. d5 exd5 5. cxd5 d6 6. e4 Be7 7. Nc3 0-0 8. Be2 Nbd7 9. 0-0 a6 10. a4 b6 11. Bf4 Bb7 12. Nd2 Re8 13. Qb3 Bf8 14. Bg3 Ne5 15. f4 Ng6 16. h4 h5 17. Qd1 Be7 18. Bxh5 Nxh5 19. Qxh5 Bf6 20. Nf3 Bd4+ 21. Kh1 Nf8 22. f5 f6 23. Nd2 Bxc3 24. bxc3 Qe7 25. Nc4 1-0

[Event "IECC Swiss-534.3"]
[Site "IECC email"]
[Date "2009.05.11"]
[Round "?"]
[White "Corbacho, Jose Luis"]
[Black "Coleman, Michael"]
[Result "1/2-1/2"]
[WhiteElo "1652"]
[BlackElo "1864"]
[PlyCount "238"]
[EventDate "2009.??.??"]
[EventType "swiss (corr)"]
[EventRounds "1"]
[SourceTitle "Telechess CBM 165"]
[Source "ChessBase"]
[SourceDate "2015.03.11"]
[SourceVersion "1"]
[SourceVersionDate "2015.03.11"]
[SourceQuality "1"]
[WhiteTeam "Spain"]
[BlackTeam "US of America"]
[WhiteTeamCountry "ESP"]
[BlackTeamCountry "USA"]

1. e4 e6 2. d4 d5 3. Be3 dxe4 4. Nd2 Nf6 5. f3 Nd5 6. Qe2 Nc6 7. c3 exf3 8. Ngxf3 Bd6 9. Qf2 0-0 10. Bd3 Nxe3 11. Qxe3 e5 12. 0-0 exd4 13. Nxd4 Ne5 14. Bf5 c5 15. Qh3 Ng6 16. N4b3 Bxf5 17. Rxf5 Bf4 18. Ne4 Re8 19. Re1 c4 20. Nd4 Bd2 21. Rd1 Rxe4 22. Rxd2 Nf4 23. Qf3 Qe7 24. Rd1 Nd3 25. Rf1 f6 26. b3 Re8 27. bxc4 Nb2 28. Rf4 Rxf4 29. Qxf4 Nxc4 30. Nf5 Qc5+ 31. Kh1 Re5 32. h3 Qd5 33. Qg4 g6 34. Nd4 Kg7 35. Rd1 Qf7 36. Qf4 h6 37. a4 Nb6 38. Nf3 Rc5 39. Nd4 Qe7 40. Qg3 Re5 41. Nf3 Rd5 42. Re1 Qd7 43. Nd4 Nxa4 44. Ne6+ Kf7 45. Qb8 Re5 46. Rxe5 fxe5 47. Nd8+ Kf6 48. Nxb7 Nxc3 49. Qf8+ Qf7 50. Qd6+ Kg7 51. Qxe5+ Kh7 52. Nd8 Qg7 53. Qa5 Qd7 54. Qxc3 Qd1+ 55. Kh2 Qxd8 56. Qc6 Qe7 57. Qa6 h5 58. g3 Qc7 59. h4 Qb6 60. Qa2 Qb7 61. Qa3 Qc7 62. Qa6 Qc2+ 63. Kh3 Qf5+ 64. Kg2 Qd7 65. Kf2 Qd4+ 66. Kg2 Qb6 67. Qa3 Qc6+ 68. Kh2 Qb7 69. Qa2 a6 70. Qa5 Qb2+ 71. Kh3 Qc1 72. Kh2 Qc2+ 73. Kg1 Qc4 74. Kg2 Qc2+ 75. Kg1 Qd3 76. Kh2 Kg7 77. Kg2 Qe2+ 78. Kh3 Qb5 79. Qc7+ Kf6 80. Qd6+ Kf7 81. Kh2 Qb2+ 82. Kg1 Qb7 83. Qf4+ Kg7 84. Qe5+ Kh7 85. Qf4 Qa7+ 86. Kg2 a5 87. Qa4 Qa8+ 88. Kh2 Qa7 89. Kg2 Qb7+ 90. Kh2 Qb2+ 91. Kg1 Qd2 92. Qe8 Qd4+ 93. Kg2 a4 94. Qe7+ Qg7 95. Qa3 Qb7+ 96. Kg1 Qb1+ 97. Kg2 Qe4+ 98. Kg1 Kg7 99. Qc3+ Kf8 100. Qc5+ Qe7 101. Qf2+ Ke8 102. Qc2 a3 103. Qxg6+ Kd7 104. Qf5+ Kc6 105. Qf3+ Kc7 106. Qxh5 Qe1+ 107. Kg2 Qd2+ 108. Kh3 a2 109. Qe5+ Kc6 110. Qe6+ Kc5 111. Qe7+ Kb5 112. Qe5+ Kc4 113. Qe4+ Kb3 114. Qe6+ Kb2 115. Qe5+ Kc2 116. Qf5+ Qd3 117. Qf2+ Kb3 118. Qb6+ Kc3 119. Qa5+ Kb2 1/2-1/2

[Event "IECC KO-5064"]
[Site "IECC email"]
[Date "2009.02.25"]
[Round "?"]
[White "Hartnack, Robert"]
[Black "Coleman, Michael"]
[Result "1-0"]
[WhiteElo "2226"]
[BlackElo "1875"]
[PlyCount "93"]
[EventDate "2007.??.??"]
[EventType "match (corr)"]
[EventRounds "2"]
[SourceTitle "Telechess CBM 149"]
[Source "ChessBase"]
[SourceDate "2012.07.17"]
[SourceVersion "1"]
[SourceVersionDate "2012.07.17"]
[SourceQuality "1"]
[WhiteTeam "South Africa"]
[BlackTeam "US of America"]
[WhiteTeamCountry "RSA"]
[BlackTeamCountry "USA"]

1. e4 c5 2. Nf3 Nc6 3. Bb5 d6 4. 0-0 Bd7 5. Re1 a6 6. Bxc6 Bxc6 7. d4 cxd4 8. Nxd4 Bd7 9. Nc3 g6 10. Nf3 Bg7 11. e5 dxe5 12. Nxe5 Be6 13. Nd3 Nf6 14. Qf3 Nd5 15. Na4 0-0 16. Nac5 Rc8 17. Nxe6 fxe6 18. Qe2 Qd6 19. Bg5 Rc4 20. Rac1 Rf5 21. Bd2 e5 22. Nxe5 Ra4 23. Nd3 b5 24. a3 Rh4 25. g3 Ra4 26. Bb4 Nxb4 27. axb4 e5 28. c4 Ra2 29. Qe4 Rf6 30. c5 Qc6 31. Nxe5 Qxe4 32. Rxe4 Re6 33. c6 Bxe5 34. c7 Bxc7 35. Rxe6 Kf7 36. Rce1 Bd8 37. Rd6 Bf6 38. Rd7+ Kf8 39. Re6 Bxb2 40. Rc6 Ra1+ 41. Kg2 Re1 42. Rxh7 Re7 43. Rxe7 Kxe7 44. Rxa6 Bc3 45. Rxg6 Bxb4 46. Rb6 Bc3 47. Rxb5 1-0

[Event "IECC Swiss-534.2"]
[Site "IECC email"]
[Date "2008.09.26"]
[Round "?"]
[White "Coleman, Michael"]
[Black "Van der Mark, Niels"]
[Result "1/2-1/2"]
[WhiteElo "1791"]
[BlackElo "1884"]
[PlyCount "50"]
[EventDate "2008.??.??"]
[EventType "tourn (corr)"]
[EventRounds "1"]
[SourceTitle "Corr 2011"]
[Source "ChessBase"]
[SourceDate "2010.08.31"]
[SourceVersion "1"]
[SourceVersionDate "2010.08.31"]
[SourceQuality "1"]
[WhiteTeam "US of America"]
[BlackTeam "Netherlands"]
[WhiteTeamCountry "USA"]
[BlackTeamCountry "NED"]

1. e4 e5 2. Nf3 Nf6 3. Nc3 Bb4 4. Nxe5 0-0 5. Be2 Re8 6. Nd3 Bxc3 7. dxc3 Nxe4 8. 0-0 d5 9. Nf4 c6 10. Be3 Nd6 11. Bd3 Bf5 12. Qh5 Bxd3 13. Nxd3 Nd7 14. Rae1 Nf6 15. Qf3 Qd7 16. Bd4 Nfe4 17. Qf4 Qf5 18. f3 Qxf4 19. Nxf4 Nd2 20. Rxe8+ Rxe8 21. Rd1 N2c4 22. b3 Na3 23. c4 dxc4 24. Bxa7 Ndb5 25. Bc5 h6 1/2-1/2

[Event "IECC P-4475"]
[Site "IECC email"]
[Date "2008.08.27"]
[Round "?"]
[White "Coleman, Michael"]
[Black "Manole, Gheorghe F"]
[Result "1/2-1/2"]
[WhiteElo "1903"]
[BlackElo "1821"]
[PlyCount "114"]
[EventDate "2008.??.??"]
[EventType "tourn (corr)"]
[EventRounds "1"]
[SourceTitle "Corr 2011"]
[Source "ChessBase"]
[SourceDate "2010.08.31"]
[SourceVersion "1"]
[SourceVersionDate "2010.08.31"]
[SourceQuality "1"]
[WhiteTeam "US of America"]
[BlackTeam "Romania"]
[WhiteTeamCountry "USA"]
[BlackTeamCountry "ROU"]

1. d4 Nf6 2. Nf3 b6 3. g3 Bb7 4. Bg2 c5 5. 0-0 e6 6. c4 cxd4 7. Nxd4 Bxg2 8. Kxg2 Nc6 9. Nc3 Nxd4 10. Qxd4 Bc5 11. Qd3 0-0 12. e4 Qc7 13. Bf4 Qc6 14. Rad1 d6 15. a3 a5 16. f3 Ne8 17. Rfe1 f6 18. Nb5 a4 19. Be3 Rf7 20. h3 Rd7 21. Re2 Nc7 22. Nd4 Qb7 23. Bf2 Re8 24. Red2 Red8 25. b3 Bxa3 26. bxa4 Bc5 27. Qb1 Qa8 28. Qb3 Rb8 29. h4 h5 30. Bg1 Rbd8 31. Rd3 Rb8 32. Be3 Rbd8 33. a5 bxa5 34. Qa4 Bxd4 35. Bxd4 Qa6 36. Bc3 Rf7 37. c5 d5 38. Qxa5 Rc8 39. Qxa6 Nxa6 40. exd5 Nxc5 41. R3d2 exd5 42. Rxd5 Rd7 43. Ba5 Rxd5 44. Rxd5 g6 45. g4 hxg4 46. fxg4 Kf7 47. Bb6 Rc6 48. Bxc5 Ke6 49. Rd6+ Rxd6 50. Bxd6 Kxd6 51. Kg3 f5 52. gxf5 gxf5 53. h5 Ke6 54. h6 Kf6 55. h7 f4+ 56. Kh4 Kg7 57. h8Q+ Kxh8 1/2-1/2

[Event "IECC Swiss-531.2"]
[Site "IECC email"]
[Date "2008.05.14"]
[Round "?"]
[White "Martins, Karin"]
[Black "Coleman, Michael"]
[Result "1/2-1/2"]
[WhiteElo "1614"]
[BlackElo "1899"]
[PlyCount "127"]
[EventDate "2008.??.??"]
[EventType "tourn (corr)"]
[EventRounds "1"]
[SourceTitle "Corr 2011"]
[Source "ChessBase"]
[SourceDate "2010.08.31"]
[SourceVersion "1"]
[SourceVersionDate "2010.08.31"]
[SourceQuality "1"]
[WhiteTeam "Germany"]
[BlackTeam "US of America"]
[WhiteTeamCountry "GER"]
[BlackTeamCountry "USA"]

1. e4 c5 2. Nf3 e6 3. d4 cxd4 4. Nxd4 Nf6 5. Nc3 Nc6 6. Ndb5 d6 7. Bf4 e5 8. Bg5 a6 9. Na3 b5 10. Bxf6 gxf6 11. Nd5 Bg7 12. Bd3 Ne7 13. Nxe7 Qxe7 14. c3 Bh6 15. Nc2 Rg8 16. 0-0 Bh3 17. Ne1 Qd7 18. Be2 Ke7 19. Kh1 Be6 20. a4 bxa4 21. Rxa4 Qc6 22. Nd3 a5 23. f4 Rgb8 24. Ra3 f5 25. exf5 Bd5 26. f6+ Kf8 27. Rf2 e4 28. Bf1 exd3 29. Qh5 Qc5 30. Qxh6+ Ke8 31. Qh4 Kd7 32. Ra4 Rb6 33. Rd4 Rab8 34. Qxh7 Be6 35. Rf3 d2 36. f5 Ba2 37. Rxd2 Rxb2 38. Rd1 Bb3 39. Rc1 Bd5 40. Rd3 Qc6 41. Qg7 Rb1 42. Rdd1 Rxc1 43. Rxc1 Re8 44. c4 Qc5 45. Qg3 Re4 46. Rb1 Bxc4 47. Rc1 Qb4 48. Qf2 d5 49. Bd3 Qa3 50. Qa7+ Kc6 51. Rb1 Qxd3 52. Rb6+ Kc5 53. Rb3+ Kc6 54. Qb7+ Kd6 55. Qb8+ Kc6 56. Qc8+ Kd6 57. Qd8+ Kc6 58. Qa8+ Kd7 59. Rb7+ Kd6 60. Qb8+ Kc5 61. Qa7+ Kd6 62. Qb8+ Kc5 63. Qa7+ Kd6 64. Qb8+ 1/2-1/2

[Event "IECC CL4-2008.03 email"]
[Site "IECC email"]
[Date "2008.04.12"]
[Round "?"]
[White "Coleman, Michael"]
[Black "Johnson, Bernard S"]
[Result "1/2-1/2"]
[WhiteElo "1806"]
[BlackElo "1741"]
[PlyCount "84"]
[EventDate "2008.??.??"]
[EventType "tourn (corr)"]
[EventRounds "4"]
[SourceTitle "Corr 2013"]
[Source "ChessBase"]
[SourceDate "2012.11.12"]
[SourceVersion "1"]
[SourceVersionDate "2012.11.12"]
[SourceQuality "1"]
[WhiteTeam "US of America"]
[BlackTeam "South Africa"]
[WhiteTeamCountry "USA"]
[BlackTeamCountry "RSA"]

1. Nf3 Nf6 2. c4 e6 3. Nc3 c5 4. e4 Nc6 5. Be2 d5 6. e5 Ng4 7. cxd5 exd5 8. Bb5 d4 9. Bxc6+ bxc6 10. Na4 Ba6 11. d3 c4 12. 0-0 cxd3 13. e6 d2 14. exf7+ Kxf7 15. Bxd2 Bxf1 16. Qxf1 Qd5 17. Bf4 Rd8 18. Qa6 Be7 19. Re1 Rhe8 20. h3 Nf6 21. Qxa7 Kf8 22. Nb6 Bc5 23. Re5 Rxe5 24. Nxe5 Bxb6 25. Qxb6 d3 26. Nxc6 Re8 27. Qb4+ Kf7 28. Qb7+ Kg6 29. Ne7+ Rxe7 30. Qxe7 d2 31. Bxd2 Qxd2 32. Qe5 Kf7 33. Qc7+ Ke6 34. Qb6+ Ke5 35. g3 Qd1+ 36. Kh2 Qd4 37. Qb5+ Kd6 38. Kg1 Ne4 39. Qb8+ Kc5 40. Qa7+ Kd5 41. Qa8+ Kc4 42. Qa6+ Kd5 1/2-1/2

[Event "IECC CL4-2008.03 email"]
[Site "IECC email"]
[Date "2008.04.12"]
[Round "?"]
[White "Nolan, Tom"]
[Black "Coleman, Michael"]
[Result "1/2-1/2"]
[WhiteElo "1708"]
[BlackElo "1810"]
[PlyCount "61"]
[EventDate "2008.??.??"]
[EventType "tourn (corr)"]
[EventRounds "4"]
[SourceTitle "Corr 2013"]
[Source "ChessBase"]
[SourceDate "2012.11.12"]
[SourceVersion "1"]
[SourceVersionDate "2012.11.12"]
[SourceQuality "1"]
[WhiteTeam "Ireland"]
[BlackTeam "US of America"]
[WhiteTeamCountry "IRL"]
[BlackTeamCountry "USA"]

1. e4 c6 2. c4 e5 3. Nf3 d6 4. d4 Nd7 5. Nc3 Ngf6 6. Be2 g6 7. 0-0 Bg7 8. Be3 0-0 9. d5 Ng4 10. Bg5 f6 11. Bd2 f5 12. Ng5 Nc5 13. b4 Na6 14. dxc6 bxc6 15. exf5 gxf5 16. Bxg4 fxg4 17. Nge4 Be6 18. Bg5 Qc7 19. Nxd6 h6 20. Be3 Nxb4 21. Nce4 Rad8 22. Qd2 a5 23. a3 Bf5 24. axb4 Bxe4 25. c5 axb4 26. Qxb4 Bd5 27. Qxg4 Qd7 28. Qh5 Kh7 29. Ra4 Qe6 30. Rg4 Rf6 31. h3 1/2-1/2

[Event "IECC KO-3060"]
[Site "IECC email"]
[Date "2008.03.10"]
[Round "?"]
[White "Coleman, Michael"]
[Black "Laine, Jari"]
[Result "1-0"]
[WhiteElo "1794"]
[BlackElo "1606"]
[PlyCount "29"]
[EventDate "2008.??.??"]
[EventType "match (corr)"]
[EventRounds "2"]
[SourceTitle "Corr 2013"]
[Source "ChessBase"]
[SourceDate "2012.11.12"]
[SourceVersion "1"]
[SourceVersionDate "2012.11.12"]
[SourceQuality "1"]
[WhiteTeam "Hungary"]
[BlackTeam "South Africa"]
[WhiteTeamCountry "HUN"]
[BlackTeamCountry "RSA"]

1. c4 f5 2. Nf3 Nf6 3. g3 e6 4. Bg2 Be7 5. 0-0 0-0 6. d4 d6 7. b3 Ne4 8. Bb2 Bf6 9. Nc3 Nc6 10. Rc1 Nxc3 11. Bxc3 e5 12. dxe5 dxe5 13. Qd5+ Kh8 14. Qc5 Qe8 15. Rfd1 1-0

[Event "IECC CL4-2007.12 email"]
[Site "IECC email"]
[Date "2007.11.06"]
[Round "?"]
[White "Kinna, Michael"]
[Black "Coleman, Michael"]
[Result "0-1"]
[WhiteElo "1640"]
[BlackElo "1778"]
[PlyCount "84"]
[EventDate "2007.??.??"]
[EventType "tourn (corr)"]
[EventRounds "4"]
[SourceTitle "Corr 2015"]
[Source "ChessBase"]
[SourceDate "2015.07.17"]
[SourceVersion "1"]
[SourceVersionDate "2015.07.17"]
[SourceQuality "1"]
[WhiteTeam "Australia"]
[BlackTeam "US of America"]
[WhiteTeamCountry "AUS"]
[BlackTeamCountry "USA"]

1. c4 g6 2. d4 Bg7 3. e4 d6 4. Nc3 Nc6 5. Nf3 Bg4 6. Be3 e5 7. d5 Nd4 8. Be2 Nxe2 9. Qxe2 Ne7 10. h3 Bd7 11. 0-0 h6 12. b4 f5 13. Rad1 0-0 14. Rd3 b5 15. c5 a5 16. a3 axb4 17. axb4 fxe4 18. Nxe4 Bf5 19. Nfd2 Ra2 20. f3 Qa8 21. g4 Bd7 22. c6 Be8 23. Nc3 Bf7 24. Nxa2 Qxa2 25. Qe1 Nxd5 26. Qb1 Ra8 27. Qxa2 Rxa2 28. Ne4 Nxb4 29. Rd2 Rxd2 30. Nxd2 Nxc6 31. Rc1 Bd5 32. Kf2 Kf7 33. Ke2 Ke7 34. Kd3 Nb4+ 35. Ke2 Kd7 36. h4 c5 37. h5 Na2 38. Ra1 e4 39. Rxa2 exf3+ 40. Nxf3 Bxa2 41. hxg6 b4 42. Nd2 c4 0-1

[Event "IECC P-4240"]
[Site "IECC email"]
[Date "2006.10.30"]
[Round "?"]
[White "Krunski, Jan Maria"]
[Black "Coleman, Michael"]
[Result "1/2-1/2"]
[WhiteElo "1798"]
[BlackElo "1740"]
[PlyCount "125"]
[EventDate "2006.??.??"]
[EventType "tourn (corr)"]
[EventRounds "1"]
[SourceTitle "Corr 2008"]
[Source "ChessBase"]
[SourceDate "2008.06.24"]
[SourceVersion "1"]
[SourceVersionDate "2008.06.24"]
[SourceQuality "1"]

1. e4 d5 2. exd5 Qxd5 3. Nc3 Qa5 4. d4 Nf6 5. Nf3 Bf5 6. Nd2 c6 7. Nc4 Qd8 8. Be2 e6 9. 0-0 Be7 10. Bg5 0-0 11. Bf3 Nbd7 12. Re1 Nb6 13. Ne5 Nfd7 14. Bxe7 Qxe7 15. Nxd7 Qxd7 16. Ne4 Rad8 17. c3 Qc7 18. Qb3 Rfe8 19. Nc5 e5 20. dxe5 Qe7 21. Qb4 Rd2 22. Qf4 Rxb2 23. Nxb7 Qxb7 24. Qxf5 Nd5 25. e6 fxe6 26. Rxe6 Rf8 27. Qe5 Rb1+ 28. Rxb1 Qxb1+ 29. Qe1 Qxe1+ 30. Rxe1 Nxc3 31. Bxc6 Rd8 32. h3 Nxa2 33. Ra1 Nb4 34. Bb7 a6 35. Bxa6 Nxa6 36. Rxa6 Kf7 37. h4 Rd5 38. Kf1 Rb5 39. g3 Re5 40. Kg2 Rf5 41. g4 Rf4 42. Kg3 Rd4 43. g5 Rd3+ 44. Kg4 Rd7 45. h5 Rc7 46. f3 Rd7 47. g6+ hxg6 48. hxg6+ Ke7 49. f4 Rd1 50. Kg5 Rg1+ 51. Kf5 Rc1 52. Ra7+ Kf8 53. Rf7+ Kg8 54. Re7 Kf8 55. Rd7 Rb1 56. Rf7+ Kg8 57. Ra7 Kf8 58. Ke4 Re1+ 59. Kd4 Rd1+ 60. Ke3 Re1+ 61. Kf2 Rc1 62. f5 Rc3 63. Rf7+ 1/2-1/2

[Event "IECC TH-M-2651"]
[Site "IECC email"]
[Date "2006.08.17"]
[Round "?"]
[White "Coleman, Michael"]
[Black "Wood, Brian B"]
[Result "1/2-1/2"]
[WhiteElo "1739"]
[BlackElo "1426"]
[PlyCount "116"]
[EventDate "2006.??.??"]
[EventType "match (corr)"]
[EventRounds "2"]
[SourceTitle "Corr 2008"]
[Source "ChessBase"]
[SourceDate "2008.06.24"]
[SourceVersion "1"]
[SourceVersionDate "2008.06.24"]
[SourceQuality "1"]

1. c4 c5 2. Nf3 Nf6 3. g3 b6 4. Bg2 Bb7 5. 0-0 e6 6. Nc3 Be7 7. d4 cxd4 8. Qxd4 0-0 9. Bf4 d6 10. Qe3 Nbd7 11. Rfd1 e5 12. Bg5 Ng4 13. Qd2 f6 14. Bh4 g5 15. Nxg5 fxg5 16. Bxb7 gxh4 17. Bxa8 Qxa8 18. Nd5 Bd8 19. f3 Ngf6 20. Nc3 hxg3 21. hxg3 Be7 22. e4 Rf7 23. Kg2 Qf8 24. Nb5 Nh5 25. Rh1 Ndf6 26. Rh3 Rg7 27. Kh2 Kh8 28. b3 Qg8 29. Qe1 a6 30. Nc3 Qf7 31. Qe2 Qg6 32. Qf2 Kg8 33. Rd1 Bf8 34. a4 Nd7 35. Nd5 Rf7 36. b4 a5 37. Rb1 axb4 38. Rxb4 Nhf6 39. Qe3 Nxd5 40. cxd5 Be7 41. Kg2 Bg5 42. Qe1 Qf6 43. Qe2 Rf8 44. Rh1 Qg6 45. Qb5 Bf4 46. Rh3 Nc5 47. Qe2 Ra8 48. Rxb6 Rxa4 49. Rb5 Rd4 50. Rb2 Rd3 51. Rb8+ Kf7 52. Rb7+ Nxb7 53. Qxd3 Nc5 54. Qa3 Bg5 55. Qa8 Nxe4 56. Qa7+ Be7 57. fxe4 Qxe4+ 58. Kg1 Qe1+ 1/2-1/2

[Event "IECC TH-M-2639"]
[Site "IECC email"]
[Date "2006.06.21"]
[Round "?"]
[White "Wight, David"]
[Black "Coleman, Michael"]
[Result "0-1"]
[WhiteElo "1595"]
[BlackElo "1723"]
[PlyCount "118"]
[EventDate "2006.??.??"]
[EventType "match (corr)"]
[EventRounds "2"]
[SourceTitle "Corr 2020"]
[Source "ChessBase"]
[SourceDate "2019.09.30"]
[SourceVersion "1"]
[SourceVersionDate "2019.09.30"]
[SourceQuality "1"]
[WhiteTeam "United States"]
[BlackTeam "United States"]
[WhiteTeamCountry "USA"]
[BlackTeamCountry "USA"]

1. a3 d5 2. d4 Nf6 3. Nf3 Bf5 4. Nc3 e6 5. Nh4 Bg4 6. h3 Bh5 7. g4 Nfd7 8. gxh5 Qxh4 9. Rg1 h6 10. Nb5 Na6 11. e3 c6 12. Nc3 Nc7 13. Qg4 Qf6 14. f4 0-0-0 15. Bd2 Qe7 16. Bd3 c5 17. dxc5 Nxc5 18. Be2 Ne8 19. 0-0-0 Qc7 20. f5 Nf6 21. Qf3 Kb8 22. Be1 Nce4 23. Kb1 Qb6 24. fxe6 fxe6 25. a4 Bb4 26. Nxe4 Nxe4 27. Bxb4 Qxb4 28. Qf4+ Ka8 29. Rd4 Nc3+ 30. Ka1 Qxd4 31. Qxd4 Nxe2 32. Qxg7 Nxg1 33. Qxg1 Rhg8 34. Qf2 Rdf8 35. Qh2 Rc8 36. Kb1 Rc4 37. b3 Re4 38. Qc7 Rxe3 39. Qh7 Re8 40. Qxh6 Rxh3 41. Qh7 e5 42. h6 d4 43. a5 a6 44. Qg7 Rf3 45. h7 Rff8 46. b4 Rh8 47. Kc1 e4 48. Kd2 e3+ 49. Ke2 Rc8 50. Qg6 Rhd8 51. b5 axb5 52. a6 Ka7 53. axb7 Kxb7 54. Ke1 Kc7 55. Qa6 Rb8 56. Ke2 Rb6 57. Qa3 Kc6 58. Qd3 Rbb8 59. Qxd4 Rxd4 0-1

[Event "IECC KO-5049"]
[Site "IECC email"]
[Date "2006.04.07"]
[Round "?"]
[White "Coleman, Michael"]
[Black "Ostrovskij, Jori"]
[Result "1-0"]
[WhiteElo "1703"]
[BlackElo "1544"]
[PlyCount "69"]
[EventDate "2005.??.??"]
[EventType "match (corr)"]
[EventRounds "2"]
[SourceTitle "Corr 2020"]
[Source "ChessBase"]
[SourceDate "2019.09.30"]
[SourceVersion "1"]
[SourceVersionDate "2019.09.30"]
[SourceQuality "1"]
[WhiteTeam "United States"]
[BlackTeam "Finland"]
[WhiteTeamCountry "USA"]
[BlackTeamCountry "FIN"]

1. c4 Nf6 2. g3 c6 3. d4 d5 4. cxd5 cxd5 5. Nf3 Nc6 6. Nc3 Bf5 7. Bg2 e6 8. 0-0 Be7 9. Nh4 Be4 10. f3 Bg6 11. Nxg6 hxg6 12. Be3 Qb6 13. Qd2 Na5 14. Na4 Qb5 15. b3 Bb4 16. Nc3 Bxc3 17. Qxc3 Qxe2 18. Bf4 Nc6 19. a4 Rc8 20. Rfc1 a5 21. Rab1 Kd7 22. Qc5 Nh5 23. Bg5 Qd3 24. Rd1 Qa6 25. Bf1 Qa7 26. Qxa7 Nxa7 27. b4 b6 28. Ba6 Rc6 29. g4 Nf6 30. bxa5 bxa5 31. Rb7+ Rc7 32. Rxc7+ Kxc7 33. Rb1 Nc6 34. Bf4+ Kd8 35. Rb6 1-0

[Event "IECC KO-5049"]
[Site "IECC email"]
[Date "2006.04.07"]
[Round "?"]
[White "Ostrovskij, Jori"]
[Black "Coleman, Michael"]
[Result "0-1"]
[WhiteElo "1559"]
[BlackElo "1713"]
[PlyCount "102"]
[EventDate "2005.??.??"]
[EventType "match (corr)"]
[EventRounds "2"]
[SourceTitle "Corr 2020"]
[Source "ChessBase"]
[SourceDate "2019.09.30"]
[SourceVersion "1"]
[SourceVersionDate "2019.09.30"]
[SourceQuality "1"]
[WhiteTeam "Finland"]
[BlackTeam "United States"]
[WhiteTeamCountry "FIN"]
[BlackTeamCountry "USA"]

1. d4 Nf6 2. Nf3 d5 3. Bf4 c5 4. e3 Qb6 5. b3 Nc6 6. Be2 cxd4 7. exd4 Bg4 8. c3 e6 9. 0-0 Be7 10. Ne5 Bxe2 11. Qxe2 Ne4 12. Qd3 Rc8 13. f3 Nf6 14. Re1 0-0 15. Qe3 Nxe5 16. Bxe5 Nh5 17. h3 Bh4 18. Rd1 Ng3 19. Bxg3 Bxg3 20. f4 Bh4 21. Nd2 Bf6 22. Nf3 Rc7 23. Rac1 Rfc8 24. Rc2 Be7 25. Ne5 f6 26. Nf3 Bb4 27. Rdc1 Qa6 28. Nd2 Ba5 29. Nb1 b5 30. a3 Re7 31. Qd3 Qc6 32. Nd2 Rec7 33. Nb1 Re8 34. Kh1 e5 35. dxe5 fxe5 36. fxe5 Rxe5 37. Rf1 Bb6 38. Re2 Rce7 39. Rxe5 Rxe5 40. Qf3 h6 41. Qf7+ Kh7 42. Qf3 Qe6 43. Qd3+ Kg8 44. Nd2 Re3 45. Qf5 Qxf5 46. Rxf5 Rd3 47. Nf3 Rxc3 48. Rxd5 Rxb3 49. Ne5 a6 50. Rd3 Rb1+ 51. Kh2 Bc7 0-1

[Event "IECC Swiss-507.1"]
[Site "IECC email"]
[Date "2006.01.29"]
[Round "?"]
[White "Coleman, Michael"]
[Black "Coyne, David"]
[Result "0-1"]
[WhiteElo "1692"]
[BlackElo "2083"]
[PlyCount "112"]
[EventDate "2006.??.??"]
[EventType "swiss (corr)"]
[EventRounds "1"]
[SourceTitle "Corr 2020"]
[Source "ChessBase"]
[SourceDate "2019.09.30"]
[SourceVersion "1"]
[SourceVersionDate "2019.09.30"]
[SourceQuality "1"]
[WhiteTeam "United States"]
[BlackTeam "England"]
[WhiteTeamCountry "USA"]
[BlackTeamCountry "ENG"]

1. e4 c5 2. c3 d5 3. exd5 Qxd5 4. d4 Nf6 5. Nf3 e6 6. Na3 Qd8 7. Bf4 Nc6 8. Bc4 a6 9. dxc5 Bxc5 10. Qxd8+ Nxd8 11. Nc2 0-0 12. 0-0 Nc6 13. a4 Bd7 14. b4 Ba7 15. Rfd1 Rac8 16. Ne3 Ne7 17. Ne5 Be8 18. b5 axb5 19. axb5 Bxe3 20. Bxe3 Ne4 21. Rac1 Nd5 22. Bxd5 exd5 23. Rd3 f6 24. Nf3 Bf7 25. Nd4 Rfe8 26. Ne2 Nd6 27. b6 Nc4 28. Nf4 Nxe3 29. fxe3 Re5 30. Rcd1 Rc5 31. Rd4 Rxc3 32. Nxd5 Rc6 33. Nc7 Bb3 34. R1d3 Rxb6 35. Na8 Rbb5 36. Nc7 Rbc5 37. Rd8+ Kf7 38. R8d7+ Re7 39. Rxe7+ Kxe7 40. Rxb3 Rxc7 41. Rb6 Kd7 42. Kf2 Rc2+ 43. Kf3 Kc7 44. Re6 Rd2 45. Re4 b5 46. Re7+ Rd7 47. Re6 Rd6 48. Re7+ Kb6 49. Rxg7 b4 50. Rg8 Kb5 51. Rb8+ Rb6 52. Rxb6+ Kxb6 53. Ke4 Kb5 54. Kd3 f5 55. Kd2 Kc4 56. Kc2 b3+ 0-1

[Event "IECC CL4-2006.01 email"]
[Site "IECC email"]
[Date "2006.01.23"]
[Round "?"]
[White "Coleman, Michael"]
[Black "Andersson, Paul"]
[Result "1-0"]
[WhiteElo "1659"]
[BlackElo "1667"]
[PlyCount "31"]
[EventDate "2006.??.??"]
[EventType "tourn (corr)"]
[EventRounds "4"]
[SourceTitle "Corr 2015"]
[Source "ChessBase"]
[SourceDate "2015.07.17"]
[SourceVersion "1"]
[SourceVersionDate "2015.07.17"]
[SourceQuality "1"]

1. e4 e5 2. Nf3 f5 3. exf5 e4 4. Ne5 Nf6 5. Be2 Be7 6. Bh5+ Kf8 7. d4 d6 8. Nc4 Bxf5 9. 0-0 Nc6 10. Ne3 Bd7 11. Be2 d5 12. f3 Kg8 13. fxe4 Nxe4 14. Nxd5 Bd6 15. Bc4 Be6 16. Qg4 1-0

[Event "IECC CL4-2006.01 email"]
[Site "IECC email"]
[Date "2006.01.23"]
[Round "?"]
[White "Coleman, Michael"]
[Black "Manis, Jose"]
[Result "1-0"]
[WhiteElo "1647"]
[BlackElo "1578"]
[PlyCount "45"]
[EventDate "2006.??.??"]
[EventType "tourn (corr)"]
[EventRounds "4"]
[SourceTitle "Corr 2008"]
[Source "ChessBase"]
[SourceDate "2008.06.24"]
[SourceVersion "1"]
[SourceVersionDate "2008.06.24"]
[SourceQuality "1"]

1. e4 e6 2. d4 d5 3. Nc3 Bb4 4. exd5 exd5 5. Bd3 Nc6 6. Nge2 Nge7 7. a3 Bxc3+ 8. bxc3 Bf5 9. 0-0 0-0 10. Ng3 Bxd3 11. cxd3 Re8 12. Qg4 Ng6 13. f4 Qh4 14. Qxh4 Nxh4 15. f5 f6 16. Rb1 Rab8 17. Rf4 g5 18. fxg6 Nxg6 19. Rxf6 Nd8 20. Bd2 b6 21. Rbf1 Nb7 22. Nh5 Re2 23. Bh6 1-0